2018 MLB Postseason - Statistics

General Stats
  • This quiz has been taken 724 times
  • The average score is 9 of 10
Answers on the Map
Answers color-coded by a green-red scale on the quiz's map according to % correct below.
 
Answer Stats
Team % Correct
Boston Red Sox
99%
Los Angeles Dodgers
99%
Houston Astros
97%
New York Yankees
97%
Oakland Athletics
97%
Chicago Cubs
89%
Milwaukee Brewers
89%
Atlanta Braves
88%
Cleveland Indians
84%
Colorado Rockies
76%
No matching quizzes found
Score Distribution
Percent of People with Each Score
Percentile by Number Answered
Your Score History
You have not taken this quiz